| 000 | 00654cam a2200145 4500500 | ||
|---|---|---|---|
| 005 | 20260208010206.0 | ||
| 041 | _afre | ||
| 042 | _adc | ||
| 100 | 1 | 0 |
_aNédelec, Claudine _eauthor |
| 245 | 0 | 0 | _aIsabelle Chariatte, La Rochefoucauld et la culture mondaine. Portraits du cœur de l’homme . Paris, Classiques Garnier, coll. « Lire le xviiesiècle », 2011. Un vol. de 322 p. |
| 260 | _c2015. | ||
| 500 | _a69 | ||
| 786 | 0 | _nRevue d'histoire littéraire de la France | 115 | 3 | 2015-09-30 | p. 709i-758i | 0035-2411 | |
| 856 | 4 | 1 | _uhttps://shs.cairn.info/revue-d-histoire-litteraire-de-la-france-2015-3-page-709i?lang=fr&redirect-ssocas=7080 |
| 999 |
_c1655528 _d1655528 |
||